New Architecture and City Planning (Record no. 5657)
[ view plain ]
| 000 -LEADER | |
|---|---|
| fixed length control field | 00247nam a2200097Ia 4500 |
| 008 - FIXED-LENGTH DATA ELEMENTS--GENERAL INFORMATION | |
| fixed length control field | 200302s9999 xx 000 0 und d |
| 100 ## - MAIN ENTRY--PERSONAL NAME | |
| Personal name | Zucker |
| 245 ## - TITLE STATEMENT | |
| Title | New Architecture and City Planning |
| 260 ## - PUBLICATION, DISTRIBUTION, ETC. | |
| Name of publisher, distributor, etc. | Philosophical Library Inc. |
| 300 ## - PHYSICAL DESCRIPTION | |
| Extent | 693 P., |
| Withdrawn status | Lost status | Damaged status | Not for loan | Permanent Location | Current Location | Date acquired | Cost, normal purchase price | Full call number | Barcode | Date last seen | Price effective from | Koha item type |
|---|---|---|---|---|---|---|---|---|---|---|---|---|
| BMS College of Architecture, Design and Planning | BMS College of Architecture, Design and Planning | 2020-03-03 | 350.00 | 720.82 | CL-PG45020 | 2020-03-03 | 2020-03-03 | PG Books from CL |